[Event "Online Olym Div2 E 2020"]
[Site "chess.com INT"]
[Date "2020.08.14"]
[Round "3.1"]
[Board "2"]
[White "Fernandez Reyes, Lisandro"]
[Black "Jimenez Garcia, Emmanuel"]
[Result "0-1"]
[WhiteTitle "IM"]
[BlackTitle "FM"]
[WhiteElo "2379"]
[BlackElo "2397"]
[WhiteTeam "Ecuador"]
[BlackTeam "Costa Rica"]
[WhiteFideId "3504190"]
[BlackFideId "6504779"]
[EventDate "2020.08.14"]
[EventType "team"]

1. d4 b6 2. c4 Bb7 3. Nf3 Nf6 4. g3 g6 5. Bg2 Bg7 6. O-O O-O 7. Nc3 Ne4 8. Bd2
d6 9. Nxe4 Bxe4 10. Bc3 e6 11. Rc1 Nd7 12. Re1 a5 13. Bf1 Re8 14. Qd2 e5 15. d5
Nc5 16. b3 Bf5 17. Qd1 Bh6 18. Bd2 Bg7 19. Nh4 Bg4 20. f3 Bd7 21. e4 f5 22. exf5
gxf5 23. f4 e4 24. Bc3 Bxc3 25. Rxc3 Qf6 26. Qd2 Re7 27. Rce3 Rg7 28. Kh1 Kh8
29. Qc3 Qxc3 30. Rxc3 Rf7 31. Be2 Rb8 32. a3 b5 33. cxb5 Bxb5 34. Bxb5 Rxb5 35.
Rb1 Nd3 36. Ng2 Rxd5 37. Ne3 Rb5 38. Rc6 Nc5 39. Nd5 Rxb3 40. Rxb3 Nxb3 41. Nxc7
Nd4 42. Rc1 e3 43. Nd5 e2 44. Re1 Rb7 45. Kg2 Rb3 46. a4 Ra3 47. Nb6 Kg7 48. Kf2
Kf6 49. h3 Ke6 50. Nc4 Rxa4 51. Ne3 Ra3 52. Nc4 Ra2 53. g4 a4 54. g5 Kd5 55.
Ne3+ Ke4 56. h4 Ra3 57. Nc4 Rf3+ 58. Kg2 Rxf4 59. Nxd6+ Kd5 60. Ne8 Rxh4 61.
Nf6+ Kc4 62. Kg3 f4+ 63. Kg2 Kd3 64. Ra1 Nc2 0-1

[Event "Online Olym Div2 E 2020"]
[Site "chess.com INT"]
[Date "2020.08.14"]
[Round "3.1"]
[Board "3"]
[White "Hernandez Alvarez, Tania Regla"]
[Black "Fierro Baquero, Martha L."]
[Result "0-1"]
[WhiteTitle "WIM"]
[BlackTitle "IM"]
[WhiteElo "2041"]
[BlackElo "2359"]
[WhiteTeam "Costa Rica"]
[BlackTeam "Ecuador"]
[WhiteFideId "3501442"]
[BlackFideId "3600270"]
[EventDate "2020.08.14"]
[EventType "team"]

1. Nf3 g6 2. g3 Bg7 3. Bg2 Nf6 4. b3 O-O 5. Bb2 c5 6. c4 Nc6 7. O-O d6 8. e3 a6
9. d4 Rb8 10. d5 Na5 11. Nbd2 b5 12. Qc1 bxc4 13. bxc4 Rxb2 14. Qxb2 Nxd5 15.
Qa3 Bxa1 16. Rxa1 Nb4 17. Qc3 Bg4 18. h3 Bf5 19. e4 Bd7 20. a3 Nbc6 21. Qe3 e5
22. Rb1 Nd4 23. Kh2 Be6 24. Bf1 Kg7 25. Ne1 h5 26. f4 h4 27. g4 exf4 28. Qxf4
Nac6 29. Nef3 f6 30. Rb7+ Rf7 31. Rxf7+ Bxf7 32. Bd3 Ne5 33. Qe3 Ndxf3+ 34. Nxf3
Nxf3+ 35. Qxf3 Qa5 36. Be2 Qe1 37. Kg2 Qc1 38. Qd3 Qf4 39. Bf1 g5 40. Be2 Bg6
41. Bf3 Qg3+ 42. Kf1 Qxh3+ 43. Ke2 Qh2+ 44. Kd1 Qe5 45. Kc2 Bf7 46. Qb3 Qd4 47.
Qd3 Qxc4+ 48. Qxc4 Bxc4 49. Bg2 Be2 50. Kc3 Kf7 51. Kb3 Ke6 52. Ka4 Ke5 53. Ka5
c4 54. Kb4 Kd4 55. a4 c3 56. Kb3 Bd1+ 57. Ka2 Kd3 58. a5 Kd2 0-1

[Event "Online Olym Div2 E 2020"]
[Site "chess.com INT"]
[Date "2020.08.14"]
[Round "3.1"]
[Board "5"]
[White "Quesada Leon, Joshua"]
[Black "Mendoza Criollo, Carlos David"]
[Result "0-1"]
[BlackTitle "CM"]
[WhiteElo "1839"]
[BlackElo "2058"]
[WhiteTeam "Costa Rica"]
[BlackTeam "Ecuador"]
[WhiteFideId "6513166"]
[BlackFideId "3618323"]
[EventDate "2020.08.14"]
[EventType "team"]

1. e4 c5 2. d4 cxd4 3. c3 d3 4. Bxd3 d6 5. c4 Nf6 6. Nc3 e6 7. Nf3 Be7 8. h3 O-O
9. Be3 Nbd7 10. Rc1 b6 11. O-O Bb7 12. Bb1 Rc8 13. Qe2 Qc7 14. Nd2 a6 15. f4 Bc6
16. Bd4 e5 17. Be3 Qb7 18. f5 b5 19. g4 b4 20. Nd5 Bxd5 21. exd5 g6 22. g5 Nh5
23. f6 Bd8 24. Qg4 Bb6 25. Bxb6 Qxb6+ 26. Kg2 Nc5 27. b3 a5 28. Ne4 Nxe4 29.
Bxe4 Kh8 30. Rcd1 a4 31. Qe2 Nf4+ 32. Rxf4 exf4 33. Qg4 Qe3 34. Bf3 axb3 35.
axb3 Ra8 36. Qd7 Ra2+ 0-1

[Event "Online Olym Div2 E 2020"]
[Site "chess.com INT"]
[Date "2020.08.14"]
[Round "3.2"]
[Board "2"]
[White "Borda, Cesar"]
[Black "Capo Vidal, Uriel"]
[Result "1/2-1/2"]
[WhiteTitle "CM"]
[BlackTitle "IM"]
[WhiteElo "2118"]
[BlackElo "2334"]
[WhiteTeam "Bolivia"]
[BlackTeam "Mexico"]
[WhiteFideId "3302121"]
[BlackFideId "5105382"]
[EventDate "2020.08.14"]
[EventType "team"]

1. e4 c5 2. Nf3 Nc6 3. c3 Nf6 4. Bd3 d5 5. e5 Nd7 6. e6 fxe6 7. Ng5 g6 8. Nxe6
Qb6 9. O-O Nde5 10. Nf4 Nxd3 11. Nxd3 Bf5 12. Nf4 O-O-O 13. g4 Bxb1 14. Rxb1 e5
15. Ne6 Re8 16. Nxf8 Rexf8 17. d3 h5 18. b4 cxb4 19. cxb4 Nd4 20. Be3 Nf3+ 21.
Qxf3 Rxf3 22. Bxb6 axb6 23. Rfe1 Re8 24. gxh5 gxh5 25. Re3 Rf5 26. Rbe1 Kd7 27.
Rg3 Kd6 28. Kg2 Rf4 29. a3 h4 30. Rg7 Re6 31. Rc1 Ref6 32. Rc2 Rf7 33. Rg6+ R4f6
34. Rxf6+ Rxf6 35. f3 Rf4 36. Rc8 Rd4 37. Rc3 b5 38. Kf2 Rf4 39. Ke2 h3 40. Rc8
e4 41. dxe4 dxe4 42. fxe4 Rxe4+ 43. Kf3 Rc4 44. Rd8+ Ke5 45. Rd3 Rc2 46. Kg3 Ke4
47. Rb3 Kd4 48. Kxh3 Ke4 49. Kg3 Rc1 50. h4 Rg1+ 51. Kh2 Rg6 52. h5 Rh6 53. Rh3
Kf4 54. Kg2 Kg4 55. Rh1 Kf4 56. Kf2 b6 57. Ke2 Re6+ 58. Kf2 Rh6 59. Rh4+ Kg5 60.
Rh3 Kg4 61. Rh1 Kf4 1/2-1/2

[Event "Online Olym Div2 E 2020"]
[Site "chess.com INT"]
[Date "2020.08.14"]
[Round "3.2"]
[Board "4"]
[White "Estrada, Lucia"]
[Black "Real Pereyra, Diana Carime"]
[Result "0-1"]
[WhiteTitle "WIM"]
[BlackTitle "WIM"]
[WhiteElo "1888"]
[BlackElo "2042"]
[WhiteTeam "Bolivia"]
[BlackTeam "Mexico"]
[WhiteFideId "3301923"]
[BlackFideId "5104106"]
[EventDate "2020.08.14"]
[EventType "team"]

1. d4 Nf6 2. Nf3 c5 3. e3 g6 4. Bd3 Bg7 5. O-O O-O 6. Re1 d5 7. c3 Nc6 8. h3 Qb6
9. Nbd2 Rd8 10. b3 Qc7 11. Bb2 b6 12. Rc1 e5 13. dxe5 Nxe5 14. Nxe5 Qxe5 15. Nf3
Qh5 16. Nh2 Qh6 17. Qe2 Bb7 18. c4 dxc4 19. Bxc4 Qg5 20. f4 Qf5 21. Nf3 Ne4 22.
Bxg7 Kxg7 23. Rcd1 Nc3 24. Qb2 Qf6 25. Rc1 Ne4 26. Qxf6+ Nxf6 27. Ne5 Rd2 28.
Bf1 Rxa2 29. Rcd1 Rb2 30. g4 h6 31. Bc4 Rg2+ 32. Kf1 Rh2 33. Bxf7 Ne4 34. Rd7
Ng3+ 35. Kg1 Rg2# 0-1

[Event "Online Olym Div2 E 2020"]
[Site "chess.com INT"]
[Date "2020.08.14"]
[Round "3.2"]
[Board "6"]
[White "Mamani, Anahi"]
[Black "Lopez Sanchez, Anastacia Antonia"]
[Result "1/2-1/2"]
[WhiteTitle "WFM"]
[BlackTitle "WCM"]
[WhiteElo "1832"]
[BlackElo "1809"]
[WhiteTeam "Bolivia"]
[BlackTeam "Mexico"]
[WhiteFideId "3311589"]
[BlackFideId "5115825"]
[EventDate "2020.08.14"]
[EventType "team"]

1. e4 c5 2. Nf3 Nc6 3. Bb5 e5 4. c3 Nge7 5. O-O a6 6. Bd3 g6 7. Bc2 Bg7 8. d3
O-O 9. Be3 d6 10. h3 b5 11. Qd2 Be6 12. d4 cxd4 13. cxd4 d5 14. Rd1 exd4 15.
Nxd4 Nxd4 16. Bxd4 Bxd4 17. Qxd4 dxe4 18. Bxe4 Qxd4 19. Rxd4 Rad8 20. Rd2 Bf5
21. Bf3 Be6 22. Rd1 Rxd1+ 23. Bxd1 Rd8 24. Nc3 Rd2 25. b3 Nd5 26. Ne4 Rb2 27.
Nc5 Nc3 28. Nxa6 Nxd1 29. Rxd1 Rxa2 30. Nc5 Rb2 1/2-1/2

[Event "Online Olym Div2 E 2020"]
[Site "chess.com INT"]
[Date "2020.08.14"]
[Round "3.3"]
[Board "1"]
[White "Pichot, Alan"]
[Black "Erdos, Viktor"]
[Result "0-1"]
[WhiteTitle "GM"]
[BlackTitle "GM"]
[WhiteElo "2630"]
[BlackElo "2618"]
[WhiteTeam "Argentina"]
[BlackTeam "Hungary"]
[WhiteFideId "110973"]
[BlackFideId "719978"]
[EventDate "2020.08.14"]
[EventType "team"]

1. e4 e5 2. Nf3 Nc6 3. Bc4 Nf6 4. d3 Bc5 5. O-O O-O 6. Nbd2 d6 7. c3 a6 8. a4
Re8 9. Re1 Be6 10. Bxe6 Rxe6 11. b4 Ba7 12. Qc2 h6 13. Nb3 Qd7 14. Be3 Bxe3 15.
Rxe3 b6 16. a5 Ree8 17. Qa2 d5 18. Qa4 Qd6 19. Ree1 Ne7 20. c4 dxc4 21. dxc4 Ng6
22. c5 Qe6 23. cxb6 Nf4 24. Re3 cxb6 25. axb6 Qxb6 26. Qa5 Rab8 27. Qxb6 Rxb6
28. Ra4 Ng4 29. Re1 Nd3 30. Re2 Rxb4 31. Rxb4 Nxb4 32. Nfd2 Rc8 33. Re1 Nd3 34.
Rf1 Rc2 35. f3 Ne3 36. Ra1 Nc5 37. Nxc5 Rxd2 38. g3 Rg2+ 39. Kh1 Rf2 40. Nd3
Rxf3 41. Nxe5 Rf2 42. Nd3 Rd2 43. Nc5 a5 44. Nb3 Re2 45. h3 Nc4 46. Nxa5 Nd6 47.
Rf1 Nxe4 48. Rf3 Rc2 49. Nb3 g6 50. h4 Kg7 51. Nd4 Rd2 52. Nc6 Nf2+ 53. Kg1 Ng4
54. Rf4 f5 55. h5 Ne3 56. hxg6 Kxg6 57. Rf3 Rg2+ 58. Kh1 Re2 59. Kg1 Ng4 60. Nd4
Re1+ 61. Kg2 Re5 62. Ra3 Rd5 63. Ra6+ Kf7 64. Nf3 Rb5 65. Nh4 Rb2+ 66. Kg1 Ne3
67. Rxh6 Rb1+ 0-1

[Event "Online Olym Div2 E 2020"]
[Site "chess.com INT"]
[Date "2020.08.14"]
[Round "3.3"]
[Board "3"]
[White "Francisco Guecamburu, Candela Be"]
[Black "Hoang, Thanh Trang"]
[Result "1/2-1/2"]
[WhiteTitle "WFM"]
[BlackTitle "GM"]
[WhiteElo "2034"]
[BlackElo "2407"]
[WhiteTeam "Argentina"]
[BlackTeam "Hungary"]
[WhiteFideId "160911"]
[BlackFideId "12400149"]
[EventDate "2020.08.14"]
[EventType "team"]

1. e4 e6 2. d4 d5 3. Nc3 Nf6 4. Bg5 Be7 5. e5 Nfd7 6. Bxe7 Qxe7 7. f4 Nb6 8. Nf3
Bd7 9. Qd2 a6 10. Bd3 c5 11. dxc5 Qxc5 12. Ne2 Nc6 13. c3 h6 14. Ned4 Nc4 15.
Qe2 O-O 16. O-O b5 17. Kh1 Rab8 18. Nxc6 Bxc6 19. Nd4 b4 20. f5 bxc3 21. bxc3
Rb2 22. Bc2 exf5 23. Nxf5 Bd7 24. Nd4 Re8 25. Qd3 g6 26. e6 Bxe6 27. Rae1 Bd7
28. Qf3 Re7 29. Bxg6 Be8 30. Rxe7 Qxe7 31. Nf5 Qg5 32. h4 Ne5 33. hxg5 Nxf3 34.
Bxf7+ Kxf7 35. Nxh6+ Kg6 36. Rxf3 Kxg5 37. Nf5 Rxa2 38. Ne7 Bh5 39. Rf5+ Kh6 40.
Rxd5 a5 41. Rd6+ Kg7 42. Ra6 a4 43. Nf5+ Kf7 44. Nd4 Bd1 45. Nc6 a3 46. Nb4 Ra1
47. Kh2 Bb3 48. Kg3 a2 49. Kh2 Bc4 50. Ra7+ Ke6 51. Nxa2 Bxa2 52. Ra5 Kd6 53. g4
Ke6 54. Kg3 Rg1+ 55. Kh2 Ra1 56. Kg3 Rg1+ 57. Kh2 Ra1 1/2-1/2

[Event "Online Olym Div2 E 2020"]
[Site "chess.com INT"]
[Date "2020.08.14"]
[Round "3.3"]
[Board "5"]
[White "Kapitanchuk, Tomas"]
[Black "Kozak, Adam"]
[Result "0-1"]
[WhiteTitle "FM"]
[BlackTitle "GM"]
[WhiteElo "2320"]
[BlackElo "2503"]
[WhiteTeam "Argentina"]
[BlackTeam "Hungary"]
[WhiteFideId "135046"]
[BlackFideId "753246"]
[EventDate "2020.08.14"]
[EventType "team"]

1. e4 e5 2. Nf3 Nc6 3. Bc4 Bc5 4. c3 Nf6 5. d3 d6 6. O-O a5 7. a4 h6 8. Na3 O-O
9. Nc2 Be6 10. Bxe6 fxe6 11. Be3 Bxe3 12. Nxe3 Qe8 13. Qb3 Rb8 14. Qc4 Nh5 15.
d4 Rxf3 16. gxf3 Nf4 17. d5 Qh5 18. dxc6 Qxf3 19. h4 b5 20. Qb3 Rf8 21. Qd1 Ne2+
22. Kh2 Rf4 23. Ng2 Rg4 24. Rg1 Qxg2+ 25. Rxg2 Rxh4# 0-1

[Event "Online Olym Div2 E 2020"]
[Site "chess.com INT"]
[Date "2020.08.14"]
[Round "3.3"]
[Board "6"]
[White "Gaal, Zsoka"]
[Black "Borda Rodas, Anapaola S."]
[Result "1/2-1/2"]
[WhiteTitle "WFM"]
[BlackTitle "WFM"]
[WhiteElo "2221"]
[BlackElo "2138"]
[WhiteTeam "Hungary"]
[BlackTeam "Argentina"]
[WhiteFideId "777765"]
[BlackFideId "152781"]
[EventDate "2020.08.14"]
[EventType "team"]

1. c4 Nf6 2. Nc3 d5 3. cxd5 Nxd5 4. g3 g6 5. Bg2 Nb6 6. d3 Bg7 7. Be3 Nc6 8.
Bxc6+ bxc6 9. Qd2 O-O 10. Bh6 Nd5 11. h4 Bxh6 12. Qxh6 Nxc3 13. bxc3 Qd5 14. Nf3
f6 15. O-O Bg4 16. c4 Qd6 17. Qe3 e5 18. Rfd1 a6 19. d4 Bxf3 20. dxe5 Qxe5 21.
Qxf3 Qe6 22. c5 Rab8 23. Qd3 Rb5 24. e3 a5 25. Qc3 a4 26. Rd4 Qe5 27. Rc1 Re8
28. Rxa4 Qxc3 29. Rxc3 Re5 30. Ra7 Rexc5 31. Rxc5 Rxc5 32. Rxc7 f5 33. a4 Ra5
34. Rxc6 Rxa4 35. Kg2 Kg7 36. Kf3 Rb4 37. Ke2 Rb2+ 38. Kf3 Rb4 39. Rd6 Rb2 40.
Rd7+ Kg8 41. Kf4 Rxf2+ 42. Kg5 Ra2 43. Kh6 Rg2 44. Rg7+ Kf8 45. Kxh7 Rxg3 46.
Rxg6 Rxe3 47. Rf6+ Ke7 48. Rxf5 Rh3 49. h5 Rg3 50. h6 Rg1 51. Ra5 Kf7 52. Ra7+
Kf8 53. Rg7 Rh1 54. Rg2 Kf7 55. Rg5 Kf6 56. Rg3 Kf7 57. Rg4 Kf6 58. Rg6+ Kf7 59.
Rg7+ Kf8 60. Rg5 Kf7 61. Rf5+ Ke6 62. Rf2 Rg1 63. Rf3 Rg2 64. Rf1 Rg3 65. Rf8
Ke7 66. Rg8 Rh3 67. Rg7+ Kf8 68. Rg5 Kf7 69. Rf5+ Ke6 70. Ra5 Kf7 71. Ra7+ Kf8
72. Rb7 Rg3 73. Kh8 Rg4 74. Rb6 Kf7 75. h7 Kf8 76. Rb8+ Kf7 77. Rg8 Rh4 78. Rg1
Rf4 79. Rg7+ Kf8 80. Ra7 Rg4 81. Ra5 Rf4 82. Ra3 Rf1 83. Rg3 Rf2 84. Rg8+ Kf7
85. Ra8 Rg2 86. Rf8+ Kxf8 1/2-1/2

[Event "Online Olym Div2 E 2020"]
[Site "chess.com INT"]
[Date "2020.08.14"]
[Round "3.4"]
[Board "1"]
[White "Rios, Cristhian Camilo"]
[Black "Adams, Michael"]
[Result "0-1"]
[WhiteTitle "GM"]
[BlackTitle "GM"]
[WhiteElo "2464"]
[BlackElo "2706"]
[WhiteTeam "Colombia"]
[BlackTeam "England"]
[WhiteFideId "4403940"]
[BlackFideId "400041"]
[EventDate "2020.08.14"]
[EventType "team"]

1. d4 Nf6 2. c4 e6 3. Nc3 Bb4 4. Nf3 b6 5. Qc2 Bb7 6. a3 Bxc3+ 7. Qxc3 d6 8. g3
Nbd7 9. Bg2 a5 10. b3 O-O 11. O-O a4 12. b4 b5 13. cxb5 Qb8 14. Bb2 Rc8 15. Rac1
Bd5 16. Nd2 Bxg2 17. Kxg2 Qxb5 18. e4 c5 19. bxc5 dxc5 20. Ba1 h6 21. Rfe1 Qb7
22. Qf3 Ra5 23. Nc4 Ra6 24. dxc5 Rxc5 25. Bxf6 Nxf6 26. Nd6 Rxc1 27. Nxb7 Rxe1
28. Qc3 Rb1 29. Qc8+ Kh7 30. e5 Rab6 31. Nd6 Ng4 32. Qc2+ Kg8 33. Qe4 Nxf2 34.
Kxf2 R6b2+ 35. Kf3 Rf1+ 36. Kg4 Rxh2 37. Qxa4 Kh7 38. Qe4+ g6 39. a4 Rf5 0-1

[Event "Online Olym Div2 E 2020"]
[Site "chess.com INT"]
[Date "2020.08.14"]
[Round "3.4"]
[Board "2"]
[White "McShane, Luke J"]
[Black "Ruiz Castillo, Joshua Daniel"]
[Result "1/2-1/2"]
[WhiteTitle "GM"]
[BlackTitle "GM"]
[WhiteElo "2680"]
[BlackElo "2498"]
[WhiteTeam "England"]
[BlackTeam "Colombia"]
[WhiteFideId "404853"]
[BlackFideId "4400704"]
[EventDate "2020.08.14"]
[EventType "team"]

1. e4 e6 2. d4 d5 3. exd5 exd5 4. Bd3 Bd6 5. Nf3 Ne7 6. O-O O-O 7. c4 dxc4 8.
Bxc4 Bg4 9. h3 Bh5 10. g4 Bg6 11. Ne5 c5 12. Nxg6 hxg6 13. dxc5 Bxc5 14. Qxd8
Rxd8 15. Nc3 Nbc6 16. Ne4 Bd4 17. Bf4 Na5 18. Be2 Nd5 19. Bg3 Bxb2 20. Rad1 Nc3
21. Nxc3 Bxc3 22. Bc7 Re8 23. Bf3 Re7 24. Bd8 Re8 25. Bc7 Re7 26. Bd8 Re8 27.
Bc7 1/2-1/2

[Event "Online Olym Div2 E 2020"]
[Site "chess.com INT"]
[Date "2020.08.14"]
[Round "3.4"]
[Board "3"]
[White "Rivera, Ingris"]
[Black "Houska, Jovanka"]
[Result "0-1"]
[WhiteTitle "WIM"]
[BlackTitle "IM"]
[WhiteElo "2249"]
[BlackElo "2381"]
[WhiteTeam "Colombia"]
[BlackTeam "England"]
[WhiteFideId "4402472"]
[BlackFideId "405094"]
[EventDate "2020.08.14"]
[EventType "team"]

1. d4 d5 2. c4 e6 3. Nc3 Nf6 4. cxd5 exd5 5. Bg5 Be7 6. e3 c6 7. Bd3 Nbd7 8.
Nge2 O-O 9. O-O Re8 10. Qc2 Nf8 11. Bxf6 Bxf6 12. b4 Bd7 13. b5 Rc8 14. bxc6
Bxc6 15. Qb3 Ne6 16. h3 g6 17. Rfc1 h5 18. Rc2 a6 19. Rac1 Qd7 20. Rd1 Rcd8 21.
e4 Bxd4 22. exd5 Bxd5 23. Nxd5 Qxd5 24. Qb1 Bg7 25. Rcd2 Bh6 26. Be4 Qxd2 27.
Rxd2 Rxd2 28. Ng3 Bf4 29. Qxb7 Rd1+ 30. Kh2 h4 31. Qc6 Rdd8 32. Qxa6 hxg3+ 33.
fxg3 Be5 34. Bf3 Kg7 35. a4 Nd4 36. Qc4 Nxf3+ 37. gxf3 Rd2+ 0-1

[Event "Online Olym Div2 E 2020"]
[Site "chess.com INT"]
[Date "2020.08.14"]
[Round "3.4"]
[Board "4"]
[White "Hunt, Harriet V"]
[Black "Castrillon Gomez, Melissa"]
[Result "0-1"]
[WhiteTitle "IM"]
[BlackTitle "WIM"]
[WhiteElo "2414"]
[BlackElo "2211"]
[WhiteTeam "England"]
[BlackTeam "Colombia"]
[WhiteFideId "403512"]
[BlackFideId "4402413"]
[EventDate "2020.08.14"]
[EventType "team"]

1. e4 c5 2. Nf3 Nc6 3. Bb5 g6 4. Bxc6 bxc6 5. O-O Bg7 6. Re1 Nh6 7. c3 O-O 8. d4
cxd4 9. cxd4 f6 10. Nc3 Nf7 11. h3 d6 12. d5 c5 13. Be3 Ne5 14. Nxe5 fxe5 15.
Rb1 Rb8 16. a3 a5 17. Qd2 Bd7 18. b3 Qc8 19. Qe2 Rf7 20. Rec1 Qf8 21. Qd2 h5 22.
Nd1 Ra8 23. Nb2 Kh7 24. Nc4 Bh6 25. Nxa5 Bxe3 26. fxe3 Qh6 27. Rf1 Rxf1+ 28.
Rxf1 Qg5 29. Rf3 Qh4 30. Nc4 Bb5 31. Qc1 Bxc4 32. bxc4 Qxe4 33. Rf7+ Kg8 34.
Rxe7 Rb8 35. Kh2 Rb1 36. Qc3 Qh4 37. Re6 Kh7 38. Qa5 Rb7 39. Qa8 Rf7 40. Re8 Qf6
41. Re6 Qf2 42. Re8 Qf6 43. Qd8 Kg7 44. Rg8+ Kh6 45. Qxf6 Rxf6 46. Rd8 Kg5 47.
a4 Kf5 48. a5 Ke4 49. a6 Rf7 50. Rxd6 Kxe3 51. Re6 e4 52. d6 Ra7 53. Rxg6 Rxa6
54. d7 Ra8 55. Rd6 Rd8 56. Kg3 Ke2 57. Kf4 e3 58. g4 hxg4 59. hxg4 Kf2 60. Re6
Rxd7 61. Rxe3 Rf7+ 62. Ke5 Kxe3 63. Kd5 Rc7 64. Kd6 Rc8 65. Kd7 Rg8 66. Kd6 Kd4 0-1

[Event "Online Olym Div2 E 2020"]
[Site "chess.com INT"]
[Date "2020.08.14"]
[Round "3.4"]
[Board "5"]
[White "Cardoso Cardoso, Jose Gabriel"]
[Black "Wadsworth, Matthew J"]
[Result "0-1"]
[WhiteTitle "FM"]
[BlackTitle "IM"]
[WhiteElo "2414"]
[BlackElo "2416"]
[WhiteTeam "Colombia"]
[BlackTeam "England"]
[WhiteFideId "4430492"]
[BlackFideId "415804"]
[EventDate "2020.08.14"]
[EventType "team"]

1. d4 Nf6 2. c4 c5 3. d5 e6 4. Nc3 exd5 5. cxd5 d6 6. Nf3 g6 7. Bf4 a6 8. a4 Bg7
9. h3 O-O 10. e3 Qe7 11. Be2 Nbd7 12. O-O Ne8 13. Nd2 Rb8 14. Qb3 Nc7 15. a5 Ne5
16. Na4 Bd7 17. Nb6 Bb5 18. Rfe1 Bxe2 19. Rxe2 f5 20. Bg3 Nf7 21. Rae1 Nb5 22.
Ndc4 h5 23. Na3 h4 24. Bh2 Nxa3 25. Qxa3 g5 26. b4 cxb4 27. Qxb4 Rfe8 28. Kf1
Rbd8 29. e4 f4 30. f3 Qc7 31. Qb3 Qc3 32. Qa4 Ne5 33. Rc2 Qd3+ 34. Kg1 Nxf3+ 35.
gxf3 Qxf3 36. Rg2 Bf6 37. Nd7 Be7 38. e5 Qxh3 39. e6 f3 40. Rg4 f2+ 41. Kxf2
Qxh2+ 42. Rg2 Rf8+ 43. Nxf8 Rxf8+ 0-1

[Event "Online Olym Div2 E 2020"]
[Site "chess.com INT"]
[Date "2020.08.14"]
[Round "3.4"]
[Board "6"]
[White "Kalaiyalahan, Akshaya"]
[Black "Toro Castaneda, Elizabeth"]
[Result "0-1"]
[WhiteTitle "FM"]
[BlackTitle "CM"]
[WhiteElo "2149"]
[BlackElo "1989"]
[WhiteTeam "England"]
[BlackTeam "Colombia"]
[WhiteFideId "422894"]
[BlackFideId "4429559"]
[EventDate "2020.08.14"]
[EventType "team"]

1. d4 Nf6 2. c4 g6 3. g3 Bg7 4. Bg2 O-O 5. Nc3 d6 6. Nf3 c5 7. O-O Nc6 8. dxc5
dxc5 9. Bf4 Qb6 10. Qc1 Be6 11. b3 Nh5 12. Bh6 Rfd8 13. Bxg7 Nxg7 14. Ng5 Bf5
15. Bd5 e6 16. Bg2 h6 17. Nf3 Kh7 18. Nh4 Nd4 19. e3 Nc6 20. e4 Bg4 21. h3 Bh5
22. g4 g5 23. gxh5 gxh4 24. Qf4 Qa5 25. Rac1 Rd3 26. Na4 Nd4 27. Rfe1 Rf8 28.
Qxh4 Rd2 29. Qf4 Ne2+ 30. Rxe2 Rxe2 31. e5 Nf5 32. Nc3 Rb2 33. Be4 Rg8+ 34. Kh1
Qd8 35. Bxf5+ exf5 36. Qxf5+ Kh8 37. Nd5 Qg5 38. Qxg5 Rxg5 39. Rg1 Rxf2 40. Rxg5
hxg5 41. Nf6 Kg7 42. Ng4 Rxa2 0-1

[Event "Online Olym Div2 E 2020"]
[Site "chess.com INT"]
[Date "2020.08.14"]
[Round "3.5"]
[Board "1"]
[White "Djukic, Nikola"]
[Black "Greet, Andrew N"]
[Result "1/2-1/2"]
[WhiteTitle "GM"]
[BlackTitle "IM"]
[WhiteElo "2525"]
[BlackElo "2417"]
[WhiteTeam "Montenegro"]
[BlackTeam "Scotland"]
[WhiteFideId "922412"]
[BlackFideId "405817"]
[EventDate "2020.08.14"]
[EventType "team"]

1. e4 e5 2. Nf3 Nf6 3. Nxe5 d6 4. Nf3 Nxe4 5. Nc3 Nxc3 6. dxc3 Be7 7. Bf4 O-O 8.
Qd2 Nd7 9. O-O-O Nc5 10. Bc4 Be6 11. Bxe6 Nxe6 12. Be3 Qd7 13. h4 Rae8 14. Qd3
f5 15. Rhe1 Bd8 16. Qd5 Qc6 17. c4 Qxd5 18. cxd5 Nc5 19. Bxc5 dxc5 20. Re6 Bf6
21. Rde1 Kf7 22. c4 Rxe6 23. Rxe6 Re8 24. Rxe8 Kxe8 25. b3 Kd7 26. Kc2 c6 27.
dxc6+ Kxc6 28. h5 a6 29. Kd3 b5 30. Nd2 b4 31. Nf1 Kd6 32. Ne3 Ke5 33. Nd5 Bd8
34. f4+ Kd6 35. Ke3 g6 36. hxg6 hxg6 37. Kf3 Ke6 38. g4 Kf7 39. Ne3 Ke6 40. Ng2
Kf7 41. Ne1 Bf6 42. Nd3 Bd4 43. Kg3 Kf6 44. Kh4 Be3 45. Kg3 Bd4 46. Ne1 Ke6 47.
Nf3 Bf6 48. Kh3 Kf7 49. gxf5 gxf5 50. Ne1 Kg6 51. Nc2 Be7 52. Ne3 Bd6 53. Kg3
Bc7 54. Nd5 Bd6 55. Kh4 Kh6 56. Kh3 Kg6 57. Kg3 Kf7 58. Nb6 Kg6 59. Nc8 Bf8 60.
Na7 Bd6 61. Nc8 Bf8 62. Kf3 Kf6 63. Nb6 Ke6 64. Kg3 Bd6 65. Nd5 Kf7 66. Ne3 Kg6
67. Nc2 Kf6 68. a3 bxa3 69. Nxa3 Bc7 70. Nc2 Ba5 71. Ne3 Bd8 72. Nd5+ Ke6 73.
Kf3 Kd7 74. Ke2 Ke6 75. Kd3 Kd6 76. Kc2 Kc6 77. Kc3 Ba5+ 78. Kd3 Kd6 79. Kc2 Ke6
80. Kb2 Kd6 81. Ka3 Bd2 82. Ka4 Kd7 83. Ka3 Kd6 84. Kb2 Kd7 85. Kc2 Ba5 86. Kd1
Kd6 87. Ke2 Ke6 88. Kf3 Bd8 89. Kg3 Kd6 90. Kh3 Ke6 91. Nc3 Kd6 92. Nd1 Ke6 93.
Kg3 Kd6 94. Nf2 Ke6 95. Nd3 Be7 96. Kf3 Kd6 97. Ke3 Bf6 98. Ne1 Bd4+ 99. Kd3 Bb2
100. Ng2 Ke6 101. Ne3 Bf6 102. Nd5 Bd8 103. Kc2 Ba5 104. Kb2 Kd6 105. Ka3 Bd2 1/2-1/2

[Event "Online Olym Div2 E 2020"]
[Site "chess.com INT"]
[Date "2020.08.14"]
[Round "3.5"]
[Board "2"]
[White "Gourlay, Iain"]
[Black "Kalezic, Blazo"]
[Result "0-1"]
[WhiteTitle "FM"]
[BlackTitle "IM"]
[WhiteElo "2342"]
[BlackElo "2448"]
[WhiteTeam "Scotland"]
[BlackTeam "Montenegro"]
[WhiteFideId "2401533"]
[BlackFideId "921815"]
[EventDate "2020.08.14"]
[EventType "team"]

1. c4 e5 2. g3 Nc6 3. Bg2 Bc5 4. Nc3 a6 5. Nf3 d6 6. e3 Ba7 7. h3 Nge7 8. O-O
O-O 9. b3 f5 10. d4 f4 11. d5 Nb8 12. exf4 Nd7 13. fxe5 Nxe5 14. Nxe5 dxe5 15.
Bb2 Nf5 16. Ne2 Qd6 17. Qd3 Bd7 18. b4 Rae8 19. c5 Qh6 20. Nc3 Nd4 21. Kh2 g5
22. Bc1 Qh5 23. Qe3 h6 24. Rb1 Rf3 25. Qd2 Ref8 26. Ne4 Bf5 27. Qe1 Bxh3 28. Qd1
Bg4+ 29. Kg1 Rxf2 30. Qd3 Rxg2+ 31. Kxg2 Qh3+ 32. Kg1 Ne2+ 33. Qxe2 Bxe2 34.
Rxf8+ Kxf8 35. Bd2 Bf3 0-1